Maailman kaikkien valtioiden viralliset kielet #1 - Statistics

Yleistilastot
  • Tätä visaa on pelattu 64 kertaa
  • Keskiarvotulos 60 / 125
Vastaustilastot
Valtiot Kieli % Oikein
Etelä-Afrikka, Kanada ja 56 muuta englanti
100%
Espanja, Kolumbia ja 18 muuta espanja
96%
Kiina, Singapore, Taiwan kiina (mandariini)
94%
Suomi suomi
92%
Norja norja
90%
Brasilia, Portugali ja 7 muuta portugali
90%
Ranska, Kanada ja 25 muuta ranska
90%
Itävalta, Saksa, Sveitsi ja 3 muuta saksa
90%
Ruotsi, Suomi ruotsi
88%
Valko-Venäjä, Venäjä ja 3 muuta venäjä
88%
Viro viro
87%
Italia, San Marino, Sveitsi, Vatikaanivaltio italia
85%
Latvia latvia
85%
Egypti, Irak, Saudi-Arabia ja 20 muuta arabia
83%
Bosnia ja Hertsegovina bosnia (serbokroaatti)
83%
Japani japani
83%
Islanti islanti
83%
Kreikka, Kypros kreikka
83%
Bosnia and Herzegovina, Kroatia kroatia (serbokroaatti)
83%
Montenegro montenegro (serbokroaatti)
83%
Bosnia and Herzegovina, Kosovo, Serbia serbia (serbokroaatti)
83%
Etelä-Korea, Pohjois-Korea korea
81%
Tanska tanska
81%
Liettua liettua
79%
Puola puola
79%
Slovakia slovakki
77%
Ukraina ukraina
77%
Alankomaat, Belgia, Suriname hollanti
75%
Unkari unkari
73%
Tšekki tšekki
73%
Kypros, Turkki turkki
73%
Vietnam vietnam
73%
Albania, Kosovo, Pohjois-Makedonia albania
71%
Afganistan dari
71%
Fidži fidžinhindi
71%
India hindi
71%
Thaimaa thai
71%
Slovenia sloveeni
69%
Bulgaria bulgaria
67%
Malta malta
63%
Mongolia mongolia
63%
Moldova, Romania romania
63%
Kenia, Ruanda, Tansania, Uganda swahili
63%
Valko-Venäjä valkovenäjä
63%
Etelä-Afrikka afrikaans
62%
Armenia armenia
62%
Nepal nepal
62%
Afganistan paštu
62%
Israel heprea
60%
Indonesia indonesia
60%
Somalia, Etiopia somali
60%
Laos lao
58%
Pohjois-Makedonia makedonia
58%
Samoa samoa
58%
Tadžikistan tadžikki
56%
Kirgisia kirgiisi
54%
Luxemburg luxemburg
54%
Iran persia
54%
Georgia georgia
52%
Irlanti iiri
52%
Haiti haiti
50%
Nauru nauru
50%
Palau palau
50%
Norja saame (pohjois-, luulajan-, etelä-)
50%
Etelä-Afrikka zulu
48%
Myanmar burma
46%
Sveitsi retoromaani
46%
Uzbekistan uzbekki
46%
Fidži fidži
44%
Kiribati kiribati
44%
Komorit komori
44%
Tonga tonga
44%
Azerbaidžan azeri
42%
Bangladesh bengali
42%
Kazakstan kazakki
42%
Tuvalu tuvalu
42%
Andorra katalaani
40%
Pakistan urdu
40%
Irak kurdi
38%
Uusi-Seelanti maori
38%
Marshallinsaaret marshall
38%
Ruanda ruanda
38%
Turkmenistan turkmeeni
37%
Eswatini, Etelä-Afrikka swazi
35%
Etiopia amhara
33%
Kambodža khmer
33%
Brunei, Malesia, Singapore malaiji
33%
Etelä-Afrikka, Lesotho xhosa
31%
Madagaskar malagassi
29%
Etelä-Afrikka, Lesotho sotho (eteläsotho)
29%
Algeria, Marokko tamazight (berberi)
29%
Bolivia, Ecuador, Peru ketšua
27%
Etelä-Afrikka pohjoissotho
27%
Filippiinit filipino
25%
Singapore, Sri Lanka tamili
21%
Bhutan dzongkha
19%
Niger hausa
17%
Sri Lanka sinhala
17%
Mauritius mauritiuksenkreoli
15%
Seychellit seychellienkreoli
15%
Botswana, Etelä-Afrikka tswana
13%
Burundi rundi
10%
Eritrea, Etiopia tigrinja
10%
Malediivit divehi
8%
Bolivia, Paraguay guaraní
8%
Etiopia oromo
8%
Bolivia, Peru aimara
6%
Vanuatu bislama
6%
Burkina Faso fulani
6%
Etelä-Afrikka ndebele (etelä-ndebele)
6%
Zimbabwe ndebele (pohjois-ndebele)
6%
Papua-Uusi-Guinea tok-pisin
6%
Mali bambara
4%
Burkina Faso mossi
4%
Etiopia afar
2%
Burkina Faso bissa
2%
Burkina Faso djula
2%
Keski-Afrikan tasavalta sango
2%
Zimbabwe shona
2%
Ecuador shuar
2%
Itä-Timor tetum
2%
Etelä-Afrikka tsonga
2%
Etelä-Afrikka venda
2%
Papua-Uusi-Guinea hiri-motu
0%
Lesotho phuthi
0%
Ehtoja vastaavia visoja ei löytynyt
Tulosjakauma
Jokaisen tuloksen saaneiden osuus
Persentiili vastausten määrän mukaan
Tuloshistoriasi
Et ole pelannut tätä visaa